[Event "Trzcianka Dziedzic Memorial 9th"]
[Site "Trzcianka"]
[Date "2019.10.13"]
[Round "3"]
[White "Jaroch, Karol"]
[Black "Michalski, Karol"]
[Result "1-0"]
[WhiteElo "2357"]
[BlackElo "1983"]
[PlyCount "89"]
[EventDate "2019.10.13"]
[EventType "swiss (rapid)"]
[EventRounds "9"]
[EventCountry "POL"]
[SourceTitle "CBM 192 Extra"]
[Source "Chessbase"]
[SourceDate "2019.11.06"]
[SourceVersion "1"]
[SourceVersionDate "2019.11.06"]
[SourceQuality "1"]

1. e4 c5 2. Nf3 g6 3. Bc4 Nc6 4. 0-0 Bg7 5. c3 Qc7 6. Re1 d6 7. Na3 Nf6 8. h3 0-0 9. d4 Nd7 10. Be3 a6 11. Rc1 b5 12. Bf1 Bb7 13. Nc2 Rad8 14. a4 Qa5 15. axb5 axb5 16. Ra1 Qb6 17. Qe2 Na5 18. Nd2 c4 19. Nb4 e6 20. Bg5 f6 21. Be3 Rfe8 22. f4 Qc7 23. Qf2 f5 24. e5 dxe5 25. fxe5 h6 26. h4 Kh7 27. Be2 Ra8 28. Nc2 Nb6 29. Na3 Qd7 30. Nf1 Nb3 31. Rab1 Nd5 32. Nc2 f4 33. Bc1 Rf8 34. Bf3 Ra2 35. h5 g5 36. Be4+ Kg8 37. Qf3 Nxc1 38. Rexc1 Rfa8 39. Nh2 Qf7 40. Ng4 Kf8 41. Nf2 Ke8 42. Bg6 R8a7 43. Ne4 Ne7 44. Bxf7+ Kxf7 45. Nd6+ 1-0

[Event "POL-ch rapid"]
[Site "Zgierz"]
[Date "2019.10.06"]
[Round "4"]
[White "Moranda, Wojciech"]
[Black "Jaroch, Karol"]
[Result "1-0"]
[WhiteElo "2597"]
[BlackElo "2236"]
[PlyCount "111"]
[EventDate "2019.10.06"]
[EventType "swiss (rapid)"]
[EventRounds "11"]
[EventCountry "POL"]
[SourceTitle "EXT 2020"]
[Source "ChessBase"]
[SourceDate "2019.10.17"]
[SourceVersion "1"]
[SourceVersionDate "2019.10.17"]
[SourceQuality "1"]

1. d4 e6 2. c4 Nf6 3. Nf3 b6 4. g3 Bb7 5. Bg2 Bb4+ 6. Bd2 Qe7 7. 0-0 Bxd2 8. Qxd2 d6 9. Qc2 Be4 10. Qa4+ Bc6 11. Qd1 0-0 12. d5 Bb7 13. Nd4 e5 14. Nf5 Qe8 15. Qd2 h6 16. Nc3 Bc8 17. Nh4 Nbd7 18. e4 a5 19. f4 Nc5 20. Rae1 a4 21. fxe5 Qxe5 22. Nf3 Qh5 23. e5 Ng4 24. exd6 cxd6 25. h3 Nf6 26. g4 Qg6 27. Nd4 Qd3 28. Qxd3 Nxd3 29. Re2 Bd7 30. Rd2 Ne5 31. b3 axb3 32. axb3 Ra3 33. Rxf6 gxf6 34. Ne4 Kg7 35. Nxd6 h5 36. gxh5 Kh6 37. Rf2 f5 38. N6xf5+ Bxf5 39. Rxf5 f6 40. d6 Ra1+ 41. Kh2 Rd1 42. Ne6 Rf7 43. Bd5 Rd2+ 44. Kg1 Ra7 45. Rxf6+ Kxh5 46. Rf1 Kh4 47. Nf4 Rg7+ 48. Kh1 Nd3 49. Ng2+ Kxh3 50. Rf3+ Kg4 51. Ne3+ Kg5 52. Rg3+ Kf6 53. Rxg7 Nf2+ 54. Kg2 Ne4+ 55. Kf3 Nxd6 56. Rd7 1-0

[Event "POL-chT 1st League"]
[Site "Dzwirzyno"]
[Date "2019.09.10"]
[Round "4.4"]
[White "Reza, Wojciech"]
[Black "Jaroch, Karol"]
[Result "1/2-1/2"]
[WhiteElo "2293"]
[BlackElo "2236"]
[PlyCount "32"]
[EventDate "2019.09.07"]
[EventType "team-tourn"]
[EventRounds "9"]
[EventCountry "POL"]
[SourceTitle "EXT 2020"]
[Source "ChessBase"]
[SourceDate "2019.10.17"]
[SourceVersion "1"]
[SourceVersionDate "2019.10.17"]
[SourceQuality "1"]
[WhiteTeam "Gostynin Gostmat 83"]
[BlackTeam "Pawlowice Gminy"]
[WhiteTeamCountry "POL"]
[BlackTeamCountry "POL"]

1. e4 c5 2. Nf3 d6 3. d4 cxd4 4. Nxd4 Nf6 5. f3 a6 6. c4 g6 7. Be3 Bg7 8. Nc3 0-0 9. Be2 Nc6 10. Qd2 Nxd4 11. Bxd4 Be6 12. Rc1 Rc8 13. b3 Qa5 14. Be3 b5 15. Nd5 Qxd2+ 16. Kxd2 Nxd5 1/2-1/2

[Event "POL-chT 1st League"]
[Site "Dzwirzyno"]
[Date "2019.09.09"]
[Round "3.2"]
[White "Jaroch, Karol"]
[Black "Nowak, Mikolaj"]
[Result "1/2-1/2"]
[WhiteElo "2236"]
[BlackElo "2262"]
[PlyCount "87"]
[EventDate "2019.09.07"]
[EventType "team-tourn"]
[EventRounds "9"]
[EventCountry "POL"]
[SourceTitle "EXT 2020"]
[Source "ChessBase"]
[SourceDate "2019.10.17"]
[SourceVersion "1"]
[SourceVersionDate "2019.10.17"]
[SourceQuality "1"]
[WhiteTeam "Pawlowice Gminy"]
[BlackTeam "Rybnik"]
[WhiteTeamCountry "POL"]
[BlackTeamCountry "POL"]

1. d4 c5 2. d5 g6 3. c4 Bg7 4. Nc3 d6 5. e4 Nf6 6. Nf3 0-0 7. Be2 e6 8. 0-0 exd5 9. cxd5 a6 10. a4 Nbd7 11. Bf4 Ne8 12. Nd2 b6 13. Bg3 Rb8 14. f4 f5 15. exf5 gxf5 16. Bd3 Nc7 17. Qc2 Nf6 18. Bh4 Qd7 19. Rf3 Kh8 20. Bxf6 Bxf6 21. Kh1 b5 22. axb5 Nxb5 23. Rh3 Qb7 24. Nc4 Bxc3 25. bxc3 Qxd5 26. Ne3 Qf7 27. g4 Qg7 28. Rc1 c4 29. Bxf5 Bxf5 30. gxf5 Rg8 31. f6 Qb7+ 32. Ng2 Rbf8 33. Re1 Rxf6 34. Rg3 Rff8 35. Re4 Rxg3 36. hxg3 Qg7 37. Re3 d5 38. Kh2 Rd8 39. Nh4 d4 40. cxd4 Qxd4 41. Qe2 Qd2 42. Re8+ Kg7 43. Re7+ Kf8 44. Re8+ 1/2-1/2

[Event "Rubinstein Memorial-A 55th"]
[Site "Polanica Zdroj"]
[Date "2019.08.25"]
[Round "9"]
[White "Jaroch, Karol"]
[Black "Kucza, Karol"]
[Result "1/2-1/2"]
[WhiteElo "2231"]
[BlackElo "2296"]
[PlyCount "82"]
[EventDate "2019.08.17"]
[EventType "swiss"]
[EventRounds "9"]
[EventCountry "POL"]
[SourceTitle "EXT 2020"]
[Source "ChessBase"]
[SourceDate "2019.10.17"]
[SourceVersion "1"]
[SourceVersionDate "2019.10.17"]
[SourceQuality "1"]

1. e4 e5 2. Nf3 Nc6 3. Bc4 Nf6 4. d3 Be7 5. 0-0 0-0 6. Nc3 d6 7. h3 Na5 8. Bb5 a6 9. Ba4 b5 10. Bb3 Nxb3 11. axb3 b4 12. Ne2 c5 13. Ng3 h6 14. c4 Ne8 15. Be3 Nc7 16. Nd2 Bg5 17. Nf5 Kh7 18. Bxg5 hxg5 19. Qh5+ Kg8 20. Nf3 Ne6 21. g3 Ra7 22. h4 g6 23. Qh6 gxf5 24. exf5 f6 25. fxe6 Qe8 26. hxg5 Rh7 27. e7 Qxe7 28. gxf6 Rxf6 29. Qg5+ Rg7 30. Qe3 Bb7 31. Nd2 Rf4 32. f3 Qh4 33. Kf2 Qh2+ 34. Ke1 Rxg3 35. Rd1 Rg2 36. Rf2 Rh4 37. Ke2 Rxf2+ 38. Qxf2 Qxf2+ 39. Kxf2 Rh2+ 40. Ke3 Kf7 41. Rg1 Bc6 1/2-1/2

[Event "Rubinstein Memorial-A 55th"]
[Site "Polanica Zdroj"]
[Date "2019.08.23"]
[Round "7"]
[White "Jaroch, Karol"]
[Black "Kozak, Antoni"]
[Result "0-1"]
[WhiteElo "2231"]
[BlackElo "2354"]
[PlyCount "50"]
[EventDate "2019.08.17"]
[EventType "swiss"]
[EventRounds "9"]
[EventCountry "POL"]
[SourceTitle "EXT 2020"]
[Source "ChessBase"]
[SourceDate "2019.10.17"]
[SourceVersion "1"]
[SourceVersionDate "2019.10.17"]
[SourceQuality "1"]

1. e4 c5 2. Nf3 Nf6 3. Nc3 e6 4. e5 Nd5 5. Nxd5 exd5 6. d4 Nc6 7. Be2 d6 8. exd6 Bxd6 9. dxc5 Bxc5 10. 0-0 0-0 11. c3 Re8 12. Bg5 f6 13. Bh4 Bf5 14. Re1 Be4 15. Nd2 Bg6 16. Bg3 Bf7 17. Nb3 Bb6 18. Qd2 a5 19. Bb5 a4 20. Rxe8+ Bxe8 21. Bxc6 bxc6 22. Nd4 Qd7 23. Re1 c5 24. Re6 Bc7 25. Qe2 cxd4 0-1

[Event "Rubinstein Memorial-A 55th"]
[Site "Polanica Zdroj"]
[Date "2019.08.19"]
[Round "3"]
[White "Jaroch, Karol"]
[Black "Budkiewicz, Magdalena"]
[Result "1-0"]
[WhiteElo "2231"]
[BlackElo "1645"]
[PlyCount "49"]
[EventDate "2019.08.17"]
[EventType "swiss"]
[EventRounds "9"]
[EventCountry "POL"]
[SourceTitle "EXT 2020"]
[Source "ChessBase"]
[SourceDate "2019.10.17"]
[SourceVersion "1"]
[SourceVersionDate "2019.10.17"]
[SourceQuality "1"]

1. e4 c5 2. Nf3 e6 3. b3 a6 4. Bb2 d6 5. d4 cxd4 6. Nxd4 Nf6 7. Bd3 b5 8. a4 b4 9. 0-0 Bb7 10. Nd2 Nbd7 11. Qe2 Be7 12. f4 0-0 13. Rf3 Nc5 14. Rh3 d5 15. e5 Nfe4 16. f5 Nxd3 17. cxd3 Nxd2 18. f6 Bxf6 19. exf6 Qxf6 20. Qxd2 e5 21. Qxb4 Bc8 22. Rf3 Qg6 23. Rg3 Qh6 24. Nf3 f6 25. Qe7 1-0

[Event "Suwalki Warakomska Memorial op 3rd"]
[Site "Suwalki"]
[Date "2019.08.11"]
[Round "8"]
[White "Jaroch, Karol"]
[Black "Bai, Adelard"]
[Result "1/2-1/2"]
[WhiteElo "2231"]
[BlackElo "2033"]
[PlyCount "83"]
[EventDate "2019.08.05"]
[EventType "swiss"]
[EventRounds "9"]
[EventCountry "POL"]
[SourceTitle "CBM 191 Extra"]
[Source "ChessBase"]
[SourceDate "2019.09.30"]
[SourceVersion "1"]
[SourceVersionDate "2019.09.30"]
[SourceQuality "1"]

1. e4 e5 2. Nf3 Nc6 3. Bc4 Nf6 4. d3 Be7 5. Nc3 d6 6. Bg5 Na5 7. Qe2 c6 8. a3 Nxc4 9. dxc4 Qc7 10. h3 Be6 11. 0-0 h6 12. Be3 0-0 13. Rad1 Rfd8 14. Bc1 Qb6 15. b3 Qa5 16. Bb2 Nh5 17. Kh2 Nf4 18. Qd2 Qc7 19. Ne2 Ng6 20. Ng3 d5 21. exd5 cxd5 22. Qe2 f6 23. Nd4 Bf7 24. Nb5 Qb6 25. cxd5 Nf4 26. Qg4 h5 27. Qf3 Bxd5 28. Ne4 Bxe4 29. Qxe4 Rxd1 30. Rxd1 Qxf2 31. Qxb7 Rd8 32. Rxd8+ Bxd8 33. Qa8 Kh7 34. Qe4+ Kh6 35. Nd6 g6 36. Nf7+ Kh7 37. Nxd8 Ne2 38. Qb7+ Kh8 39. Nf7+ Kg8 40. Nh6+ Kh8 41. Nf7+ Kg7 42. Nd8+ 1/2-1/2

[Event "Suwalki Warakomska Memorial op 3rd"]
[Site "Suwalki"]
[Date "2019.08.09"]
[Round "6"]
[White "Punin, Andrii"]
[Black "Jaroch, Karol"]
[Result "1/2-1/2"]
[WhiteElo "2342"]
[BlackElo "2231"]
[PlyCount "120"]
[EventDate "2019.08.05"]
[EventType "swiss"]
[EventRounds "9"]
[EventCountry "POL"]
[SourceTitle "CBM 191 Extra"]
[Source "ChessBase"]
[SourceDate "2019.09.30"]
[SourceVersion "1"]
[SourceVersionDate "2019.09.30"]
[SourceQuality "1"]

1. e4 e6 2. d4 d5 3. Nc3 Bb4 4. Nge2 Nf6 5. e5 Nfd7 6. Qd3 Be7 7. Qg3 g6 8. h4 c5 9. h5 g5 10. Be3 Nc6 11. 0-0-0 Qa5 12. dxc5 Ncxe5 13. Nd4 a6 14. h6 Bxc5 15. Qxg5 Be7 16. Qh5 Ng6 17. f4 Nf6 18. Qf3 Bd7 19. g4 Rc8 20. Nb3 Qc7 21. Bd3 e5 22. fxe5 Nxe5 23. Qg2 Bxg4 24. Be2 Rg8 25. Qf1 Ne4 26. Bxg4 Rxg4 27. Bd4 Ng3 28. Qh3 Ne2+ 29. Kb1 Nxd4 30. Rxd4 Rxd4 31. Nxd4 Qd7 32. Nf5 Kf8 33. Rg1 Bf6 34. Qf1 Rxc3 35. bxc3 Nc4 36. Qf4 Qb5+ 37. Kc1 Qb2+ 38. Kd1 Qb1+ 39. Ke2 Qxc2+ 40. Kf3 Qxc3+ 41. Kg2 Be5 42. Qh4 Qc2+ 43. Kh1 Qe4+ 44. Qxe4 dxe4 45. Rd1 Ke8 46. Kg2 b5 47. Kh3 b4 48. Re1 Nd2 49. Re2 Bc3 50. Nd6+ Kd7 51. Nxe4 Nxe4 52. Rxe4 a5 53. Kg4 a4 54. Rf4 Ke6 55. a3 f6 56. Rc4 Kd5 57. Rc7 b3 58. Rxc3 b2 59. Rd3+ Kc4 60. Rd1 Kb3 1/2-1/2

[Event "Suwalki Warakomska Memorial op 3rd"]
[Site "Suwalki"]
[Date "2019.08.08"]
[Round "5"]
[White "Karavade, Eesha"]
[Black "Jaroch, Karol"]
[Result "1/2-1/2"]
[WhiteElo "2355"]
[BlackElo "2231"]
[PlyCount "72"]
[EventDate "2019.08.05"]
[EventType "swiss"]
[EventRounds "9"]
[EventCountry "POL"]
[SourceTitle "CBM 191 Extra"]
[Source "ChessBase"]
[SourceDate "2019.09.30"]
[SourceVersion "1"]
[SourceVersionDate "2019.09.30"]
[SourceQuality "1"]

1. d4 e6 2. c4 Nf6 3. g3 Bb4+ 4. Bd2 Qe7 5. Bg2 0-0 6. Nf3 Bxd2+ 7. Qxd2 d6 8. Nc3 Nbd7 9. 0-0 e5 10. Rfe1 Nb6 11. b3 Bg4 12. Nh4 c6 13. h3 Be6 14. e4 Rad8 15. Nf3 Qd7 16. Kh2 exd4 17. Qxd4 Qc7 18. Rac1 a5 19. Qd2 a4 20. Nd4 axb3 21. axb3 Nbd7 22. f4 Nc5 23. b4 Bxc4 24. e5 dxe5 25. fxe5 Nb3 26. Nxb3 Rxd2 27. Nxd2 Bd5 28. exf6 Bxg2 29. Kxg2 Rd8 30. Nde4 Qe5 31. fxg7 Rd3 32. g4 f5 33. gxf5 Qxg7+ 34. Kf2 Qd4+ 35. Kg2 Qg7+ 36. Kf2 Qd4+ 1/2-1/2

[Event "Baltic Pearl op 15th"]
[Site "Lazy"]
[Date "2019.07.02"]
[Round "9"]
[White "Karpus, Michal"]
[Black "Jaroch, Karol"]
[Result "1-0"]
[WhiteElo "2312"]
[BlackElo "2242"]
[PlyCount "73"]
[EventDate "2019.06.23"]
[EventType "swiss"]
[EventRounds "9"]
[EventCountry "POL"]
[SourceTitle "CBM 191 Extra"]
[Source "ChessBase"]
[SourceDate "2019.09.30"]
[SourceVersion "1"]
[SourceVersionDate "2019.09.30"]
[SourceQuality "1"]

1. e4 e6 2. d4 d5 3. Nd2 Nf6 4. e5 Nfd7 5. Bd3 c5 6. c3 Nc6 7. Ne2 Be7 8. 0-0 c4 9. Bc2 b5 10. b3 Nb6 11. bxc4 bxc4 12. a4 Na5 13. Ba3 Bxa3 14. Rxa3 Bd7 15. f4 Qe7 16. Ra1 f5 17. exf6 gxf6 18. Kh1 0-0-0 19. Nf3 Kc7 20. Ng3 Rdg8 21. f5 e5 22. dxe5 fxe5 23. Re1 e4 24. Nd4 h5 25. Nf1 h4 26. h3 Qe5 27. Rb1 Rg7 28. Ne3 Rhg8 29. Qe2 Rg3 30. Qf2 Kd8 31. Ne2 R3g5 32. Red1 Nb3 33. Bxb3 cxb3 34. a5 Nc4 35. Rxd5 Rxg2 36. Qxh4+ Qe7 37. Nxg2 1-0

[Event "Baltic Pearl op 15th"]
[Site "Lazy"]
[Date "2019.06.27"]
[Round "5"]
[White "Jaroch, Karol"]
[Black "Babiarz, Arkadiusz"]
[Result "1-0"]
[WhiteElo "2242"]
[BlackElo "1833"]
[PlyCount "119"]
[EventDate "2019.06.23"]
[EventType "swiss"]
[EventRounds "9"]
[EventCountry "POL"]
[SourceTitle "CBM 191 Extra"]
[Source "ChessBase"]
[SourceDate "2019.09.30"]
[SourceVersion "1"]
[SourceVersionDate "2019.09.30"]
[SourceQuality "1"]

1. c4 c5 2. g3 e6 3. Bg2 Nf6 4. Nf3 Nc6 5. 0-0 d5 6. cxd5 exd5 7. d4 Be7 8. Nc3 0-0 9. Bg5 Be6 10. dxc5 Bxc5 11. Rc1 Be7 12. Nd4 Nxd4 13. Qxd4 h6 14. Bf4 Qa5 15. Rfd1 Rfd8 16. Bd2 Qa6 17. Bf1 Qc4 18. Qxc4 dxc4 19. Bg2 Rac8 20. Bf4 b6 21. Bb7 Rxd1+ 22. Rxd1 Rd8 23. Rxd8+ Bxd8 24. Bd6 Ne8 25. Bb8 a5 26. Nb5 Bf6 27. Bc6 Kf8 28. Nc3 Ke7 29. Kf1 Bxc3 30. bxc3 Bd7 31. Bf3 Nd6 32. Bc7 Nb5 33. Bxb6 Nxc3 34. a3 a4 35. Ke1 g6 36. Kd2 Nb5 37. Bc5+ Ke6 38. e3 Ke5 39. Bb4 g5 40. Bd1 Nd6 41. f4+ gxf4 42. exf4+ Ke6 43. Bxd6 Kxd6 44. Kc3 Kc5 45. g4 f5 46. gxf5 Bxf5 47. Bxa4 Kd5 48. Bc2 Bd7 49. Bg6 Bb5 50. Kb4 Ba6 51. Kc3 Bb5 52. h4 Ba6 53. a4 h5 54. Bxh5 Ke4 55. Be2 Kxf4 56. Bxc4 Bb7 57. Be2 Ke3 58. h5 Kxe2 59. h6 Be4 60. a5 1-0

[Event "Malopolska Region-chA"]
[Site "Krakow"]
[Date "2019.06.20"]
[Round "2"]
[White "Jaroch, Karol"]
[Black "Lewtak, Damian"]
[Result "1/2-1/2"]
[WhiteElo "2242"]
[BlackElo "2356"]
[PlyCount "22"]
[EventDate "2019.06.20"]
[EventType "swiss"]
[EventRounds "7"]
[EventCountry "POL"]
[SourceTitle "EXT 2020"]
[Source "ChessBase"]
[SourceDate "2019.10.17"]
[SourceVersion "1"]
[SourceVersionDate "2019.10.17"]
[SourceQuality "1"]

1. e4 c5 2. Nc3 a6 3. g3 b5 4. Bg2 Bb7 5. Nge2 e6 6. 0-0 Ne7 7. d3 d5 8. exd5 Nxd5 9. a4 Nxc3 10. Nxc3 Bxg2 11. Kxg2 b4 1/2-1/2

[Event "Katowice POL-HUN 7th"]
[Site "Katowice"]
[Date "2019.04.14"]
[Round "9"]
[White "Jaroch, Karol"]
[Black "Plat, Vojtech"]
[Result "1-0"]
[WhiteElo "2242"]
[BlackElo "2535"]
[PlyCount "97"]
[EventDate "2019.04.13"]
[EventType "swiss (rapid)"]
[EventRounds "9"]
[EventCountry "POL"]
[SourceTitle "CBM 189 Extra"]
[Source "ChessBase"]
[SourceDate "2019.06.03"]
[SourceVersion "1"]
[SourceVersionDate "2019.06.03"]
[SourceQuality "1"]

1. c4 c5 2. Nc3 Nc6 3. g3 g6 4. Bg2 Bg7 5. e4 d6 6. Nge2 e5 7. d3 Nge7 8. 0-0 0-0 9. f4 f5 10. Be3 Nd4 11. fxe5 dxe5 12. Bg5 h6 13. Bxe7 Qxe7 14. Nd5 Qd8 15. Nxd4 exd4 16. Qb3 b6 17. Nf4 Qg5 18. exf5 Bxf5 19. Bxa8 Rxa8 20. Rae1 h5 21. Qd1 Bg4 22. Qd2 Rd8 23. Qg2 Kh7 24. Ne6 Bxe6 25. Rxe6 Rd7 26. Qe4 Bh6 27. Kg2 Rg7 28. Re8 Rc7 29. Qe5 Qxe5 30. Rxe5 Kg7 31. Re6 Bg5 32. h4 Be7 33. a4 Rd7 34. Kh3 Rc7 35. g4 hxg4+ 36. Kxg4 Bd8 37. Rf4 Rb7 38. Kf3 Kh6 39. Ke4 Rh7 40. Rg4 Kh5 41. Rgxg6 Bxh4 42. Rg1 Rh8 43. Re5+ Kh6 44. Rg4 Bf6 45. Re6 Kh5 46. Rg1 Bh4 47. Rg2 Rh7 48. Re8 Be1 49. Re5+ 1-0

[Event "Katowice POL-HUN 7th"]
[Site "Katowice"]
[Date "2019.04.14"]
[Round "7"]
[White "Kowalczyk, Rafal"]
[Black "Jaroch, Karol"]
[Result "0-1"]
[WhiteElo "2206"]
[BlackElo "2242"]
[PlyCount "126"]
[EventDate "2019.04.13"]
[EventType "swiss (rapid)"]
[EventRounds "9"]
[EventCountry "POL"]
[SourceTitle "CBM 189 Extra"]
[Source "ChessBase"]
[SourceDate "2019.06.03"]
[SourceVersion "1"]
[SourceVersionDate "2019.06.03"]
[SourceQuality "1"]

1. e4 e6 2. d4 d5 3. Bd3 Nf6 4. Nc3 Bb4 5. exd5 Nxd5 6. Nge2 b6 7. 0-0 Bb7 8. Ne4 Nc6 9. c3 Be7 10. f4 Qd7 11. f5 exf5 12. Rxf5 g6 13. Rf2 f5 14. Ng5 h6 15. Nh3 Bh4 16. g3 Bf6 17. Nhf4 Nce7 18. Nxg6 Nxg6 19. Bxf5 Qg7 20. Qa4+ c6 21. Qc2 Nge7 22. Be6 Bc8 23. Bxc8 Rxc8 24. c4 Nc7 25. Be3 Ne6 26. Qe4 Ng5 27. Qg4 h5 28. Bxg5 hxg4 29. Bxf6 Qh7 30. Bxh8 Qxh8 31. Raf1 Rc7 32. Nf4 Kd7 33. d5 cxd5 34. cxd5 Qd4 35. Ne6 Qxd5 36. Nxc7 Kxc7 37. Rf4 Qe6 38. Rf6 Qe3+ 39. Kg2 Nd5 40. Rf7+ Kc6 41. h3 Qe2+ 42. R1f2 Qe4+ 43. Kh2 Ne3 44. R7f6+ Kb7 45. R6f4 Qh7 46. h4 Ka6 47. Ra4+ Kb5 48. Ra3 Nd5 49. Rb3+ Kc6 50. a4 Qe4 51. a5 bxa5 52. Ra3 a4 53. Ra1 a5 54. Rc1+ Kb5 55. Rfc2 Ne3 56. Rf2 Nd5 57. Rfc2 Qf3 58. Rd2 Ne3 59. Rd4 Nf1+ 60. Kg1 Qe3+ 61. Kxf1 Qxc1+ 62. Ke2 Qxb2+ 63. Rd2 Qe5+ 0-1

[Event "Krakow op-A 29th"]
[Site "Krakow"]
[Date "2018.12.29"]
[Round "3"]
[White "Golenia, Jan"]
[Black "Jaroch, Karol"]
[Result "0-1"]
[WhiteElo "2059"]
[BlackElo "2259"]
[PlyCount "62"]
[EventDate "2018.12.27"]
[EventType "swiss"]
[EventRounds "9"]
[EventCountry "POL"]
[SourceTitle "CBM 189 Extra"]
[Source "ChessBase"]
[SourceDate "2019.06.03"]
[SourceVersion "1"]
[SourceVersionDate "2019.06.03"]
[SourceQuality "1"]

1. Nf3 e6 2. d4 Nf6 3. Bf4 b6 4. e3 Bb7 5. Nbd2 Be7 6. h3 0-0 7. Bd3 d5 8. c3 Ne4 9. Qc2 f5 10. Ne5 c5 11. Ndf3 c4 12. Be2 b5 13. a3 a5 14. 0-0 Nc6 15. Nxc6 Bxc6 16. Ne5 Be8 17. b4 cxb3 18. Qxb3 Nd2 19. Qb2 Nxf1 20. Bxf1 Rb8 21. Nd3 Rc8 22. Ne5 Rb8 23. Nd3 Rb6 24. Rb1 Qc8 25. Be5 Bd7 26. Nc5 Bc6 27. c4 dxc4 28. Bxc4 Bxc5 29. dxc5 Rb7 30. Be2 b4 31. Bd6 b3 0-1

[Event "Suwalki Warakomska Memorial-A op"]
[Site "Suwalki"]
[Date "2018.08.08"]
[Round "9"]
[White "Jaroch, Karol"]
[Black "Krzywda, Andrzej"]
[Result "1-0"]
[WhiteElo "2212"]
[BlackElo "2258"]
[PlyCount "65"]
[EventDate "2018.08.01"]
[EventType "swiss"]
[EventRounds "9"]
[EventCountry "POL"]
[SourceTitle "CBM 185 Extra"]
[Source "ChessBase"]
[SourceDate "2018.07.29"]
[SourceVersion "1"]
[SourceVersionDate "2018.07.29"]
[SourceQuality "1"]
[WhiteTeam "Poland"]
[BlackTeam "Poland"]
[WhiteTeamCountry "POL"]
[BlackTeamCountry "POL"]

1. e4 c5 2. Nf3 d6 3. d4 cxd4 4. Nxd4 Nf6 5. Nc3 e6 6. Be3 a6 7. g4 e5 8. Nf5 g6 9. g5 gxf5 10. exf5 d5 11. Qf3 d4 12. 0-0-0 Nbd7 13. gxf6 dxc3 14. Bc4 Qxf6 15. Qh5 Be7 16. f4 Nc5 17. Rd5 cxb2+ 18. Kb1 Ne4 19. Rxe5 Nd6 20. Bd3 Bd7 21. Bd4 Kf8 22. Rd5 Qh4 23. Qxh4 Bxh4 24. Rxd6 Bc6 25. Rxc6 bxc6 26. Bxh8 f6 27. Rg1 Bf2 28. Rg7 Bd4 29. Rd7 Bc3 30. Bc4 Rb8 31. Bxf6 Bxf6 32. Rf7+ Ke8 33. Rxf6 1-0